000 00300nam a22001337a 4500
008 171023b xxu||||| |||| 00| 0 eng d
020 _a9780195131963
041 _aeng
080 _a338
100 _a54
101 _aMEN
245 _aTHE THINKING MANAGER'S TOOLBOX
_cALTIER,W.J
942 _2udc
_cBK
999 _c35359
_d35359